| Tag |
First Indicator |
Second Indicator |
Subfields |
| LEADER |
00000cam a2200000 4500 |
| 001 |
in00000077345 |
| 005 |
20160108111424.0 |
| 008 |
800514s1951 enkac 01000 eng |
| 010 |
|
|
|a 52004797
|
| 035 |
|
|
|a (OCoLC)06314704
|
| 035 |
|
|
|9 AAH4639AM
|
| 040 |
|
|
|a DLC
|c TXA
|d UtOrBLW
|
| 049 |
|
|
|a TXAM
|c [332925]
|
| 050 |
|
0 |
|a LF455
|b .C47
|
| 082 |
0 |
|
|a 378.42
|
| 092 |
|
|
|a 378.42
|b V645p, 1951
|
| 100 |
1 |
|
|a Charlton, H. B.
|q (Henry Buckley),
|d 1890-
|
| 245 |
1 |
0 |
|a Portrait of a university, 1851-1951 :
|b to commemorate the centenary of Manchester University.
|
| 264 |
|
1 |
|a [Manchester] :
|b Manchester University Press,
|c [1951]
|
| 300 |
|
|
|a x, 185 pages :
|b illustrations, portraits ;
|c 26 cm.
|
| 336 |
|
|
|a text
|b txt
|2 rdacontent
|
| 337 |
|
|
|a unmediated
|b n
|2 rdamedia
|
| 338 |
|
|
|a volume
|b nc
|2 rdacarrier
|
| 610 |
2 |
0 |
|a University of Manchester
|x History.
|
| 999 |
|
|
|a MARS
|
| 999 |
f |
f |
|s 5d26117b-9fb2-366c-95d5-71c27a7963cc
|i 78b9f9b4-a4ef-372f-8214-87e29ee66c0a
|t 0
|
| 952 |
f |
f |
|p normal
|a Texas A&M University
|b College Station
|c Sterling C. Evans Library
|d Evans: Library Stacks
|t 0
|e LF455 .C47
|h Library of Congress classification
|i unmediated -- volume
|m A14800863798
|
| 998 |
f |
f |
|a LF455 .C47
|t 0
|l Evans: Library Stacks
|